000 01216cam a2200349 i 4500
999 _c331713
_d331713
001 18144937
003 NUST
005 20171017115350.0
008 140509s2014 pk b 001 0beng
010 _a 2014311673
020 _a9780199069200
025 _aP-E-2014311673; 31
040 _aDLC
_beng
_cDLC
_erda
042 _alcode
_apcc
043 _aa-pk---
_aa-ii---
050 0 0 _aDS385.J5
_bH38 2014
082 _a 954.9042
_bHAY
100 1 _aHayat, Sikandar,
_d1946-
_95496
245 1 4 _aThe charismatic leader :
_bQuaid-i-Azam Mohammad Ali Jinnah and the creation of Pakistan /
_cSikandar Hayat.
250 _aSecond edition.
264 1 _aKarachi :
_bOxford University Press,
_c2014.
300 _a503 pages ;
_c24 cm
336 _atext
_2rdacontent
337 _aunmediated
_2rdamedia
338 _avolume
_2rdacarrier
504 _aIncludes bibliographical references (pages 457-489) and index.
600 1 0 _aJinnah, Mahomed Ali,
_d1876-1948.
_94251
650 0 _aStatesmen
_zPakistan
_vBiography.
_94852
650 0 _aPakistan movement.
_9203
651 0 _aIndia
_xPolitics and government
_y1919-1947.
_9205
906 _a7
_bcbc
_corigode
_d3
_encip
_f20
_gy-gencatlg
942 _2ddc
_cBK